25 Friends Guest Stars Who Are More Famous Than the Friends Themselves - Statistics

General Stats
  • This quiz has been taken 731 times
  • The average score is 16 of 25
Answer Stats
Character Initials Guest Star % Correct
Ross's childhood friend Will Colbert who co-founded the I Hate Rachel Green Club after Rachel tormented him in high school BP Brad Pitt
91%
Susie "Underpants" JR Julia Roberts
91%
Dr. Richard Burke TS Tom Selleck
87%
Rachel's spoiled younger sister Jill RW Reese Witherspoon
85%
Paul Stevens, Ross' (much younger) girlfriend's intimidating father BW Bruce Willis
84%
Mike Hannigan PR Paul Rudd
83%
Phoebe's bridal shower stripper, Roy DD Danny DeVito
79%
Himself; a Belgian actor, martial artist, screenwriter, film producer, and director JCVD Jean-Claude Van Damme
73%
Eric, Ursula's fiancé and later Phoebe's boyfriend SP Sean Penn
72%
Dr. Michael Mitchell GC George Clooney
70%
Melissa Warburton, Rachel's old sorority sister WR Winona Ryder
70%
Rachel's date Tommy with serious anger issues BS Ben Stiller
69%
Ryan from the navy CS Charlie Sheen
69%
Cecilia Monroe, the Days of our Lives star SS Susan Sarandon
65%
Parker, Phoebe’s date for Ross and Monica’s parent’s 35th wedding anniversary AB Alec Baldwin
64%
Tomas, a man sitting on the couch at Central Perk RW Robin Williams
63%
Richard Crosby, who constantly spits in Joey's face in a movie about World War I GO Gary Oldman
61%
Himself; an American actor and political activist; played Moses in the epic film The Ten Commandments (1956) CH Charlton Heston
57%
The gentleman on the plane HL Hugh Laurie
57%
David, Phoebe’s boyfriend HA Hank Azaria
55%
Sandy, the male nanny FP Freddie Prinze Jr.
51%
Malcolm, a man who stalks Phoebe and Ursula DA David Arquette
50%
Herself; an Italian-American actress, filmmaker, author, philanthropist, and model; daughter of famed Swedish actress Ingrid Bergman IR Isabella Rossellini
44%
Steve, a man who’s opening a new restaurant; later on a blind date with Rachel JL Jon Lovitz
26%
Phoebe's biological father BB Bob Balaban
9%
No matching quizzes found
Score Distribution
Percent of People with Each Score
Percentile by Number Answered
Your Score History
You have not taken this quiz